000 00224nam a2200097Ia 4500
008 220204s9999 xx 000 0 und d
082 _a82-3
_bWHE
100 _aWheatley, Dennis
245 0 _aThey used dark forces
942 _cBK
999 _c33989
_d33989